High level wellness : (Record no. 2489)

000 -LEADER
fixed length control field nam a22 a 4500
003 - CONTROL NUMBER IDENTIFIER
control field AKMAL
005 - DATE AND TIME OF LATEST TRANSACTION
control field 20170516164049.0
008 - FIXED-LENGTH DATA ELEMENTS--GENERAL INFORMATION
fixed length control field 170515 xxx 000 eng d
020 ## - INTERNATIONAL STANDARD BOOK NUMBER
International Standard Book Number 0878571949
020 ## - INTERNATIONAL STANDARD BOOK NUMBER
International Standard Book Number 0553238892
039 #9 - LEVEL OF BIBLIOGRAPHIC CONTROL AND CODING DETAIL [OBSOLETE]
Level of rules in bibliographic description 201512191427
Level of effort used to assign nonsubject heading access points pbn
040 ## - CATALOGING SOURCE
Original cataloging agency AKMAL
Transcribing agency AKMAL
082 ## - DEWEY DECIMAL CLASSIFICATION NUMBER
Classification number 613.7 ARD
090 ## - LOCALLY ASSIGNED LC-TYPE CALL NUMBER (OCLC); LOCAL CALL NUMBER (RLIN)
Classification number (OCLC) (R) ; Classification number, CALL (RLIN) (NR) 613.7
Local cutter number (OCLC) ; Book number/undivided call number, CALL (RLIN) ARD
100 1# - MAIN ENTRY--PERSONAL NAME
Personal name Ardell, Donald B.
9 (RLIN) 5176
245 10 - TITLE STATEMENT
Title High level wellness :
Remainder of title an alternative to doctors, drugs, and disease /
Statement of responsibility, etc. Donald B. Ardell
260 ## - PUBLICATION, DISTRIBUTION, ETC.
Place of publication, distribution, etc. Emmaus, Pa. :
Name of publisher, distributor, etc. Rodale Press,
Date of publication, distribution, etc. 1977
300 00 - PHYSICAL DESCRIPTION
Extent 296p :
Other physical details ill.
942 ## - ADDED ENTRY ELEMENTS (KOHA)
Source of classification or shelving scheme
Koha item type Book
Holdings
Withdrawn status Lost status Source of classification or shelving scheme Damaged status Not for loan Collection code Home library Current library Date acquired Inventory number Total Checkouts Full call number Barcode Date last seen Price effective from Koha item type
          NON-FICTION AKMAL Melaka AKMAL Melaka 16.05.2017 601323   613.7 ARD 201703132 16.05.2017 16.05.2017 Book
Pusat Sumber Maklumat Dato' Haji Sarmin Md Hussin, Akademi Kastam Diraja Malaysia, Melaka
Tel: 06-2331106 | Faks: 06-2313787